The American journal of Islamic social sciences-Cumulative index, 1984-2002 (Record no. 4749)

MARC details
000 -LEADER
fixed length control field 00442aas a2200121 4500
008 - FIXED-LENGTH DATA ELEMENTS--GENERAL INFORMATION
fixed length control field 240219b |||||||| |||| 00| 0 eng d
942 ## - ADDED ENTRY ELEMENTS (KOHA)
Item Type Periodicals
245 ## - TITLE STATEMENT
Title The American journal of Islamic social sciences-Cumulative index, 1984-2002
260 ## - PUBLICATION, DISTRIBUTION, ETC. (IMPRINT)
Place of Publication Herndon, (USA) :
Name of Publisher The Association of Muslim social scientists : International institute of Islamic thought,
300 ## - PHYSICAL DESCRIPTION
Physical Details 95 p.
650 ## - SUBJECT ADDED ENTRY--TOPICAL TERM
Topical Term Islam -- Periodicals
650 ## - SUBJECT ADDED ENTRY--TOPICAL TERM
Topical Term Muslims -- Periodicals
Holdings
Withdrawn status Lost status Source of classification or shelving scheme Damaged status Not for loan Permanent location Current location Date acquired Total Checkouts Full call number Barcode Date last seen Price effective from Koha item type
    Dewey Decimal Classification     Resource center, Muslim Women's Research And Action Forum Resource center, Muslim Women's Research And Action Forum 2024-02-19   305.42 AME RAF5029 2024-02-19 2024-02-19 Periodicals

Copyright © 2023 Muslim Women's Research and Action Forum (MWRAF), No 27/3, Anderson Road, Kalubowila, Dehiwela. Funded by The Asia Fundation